| 000 | 00648nam a22001937a 4500 | ||
|---|---|---|---|
| 003 | BUBTL | ||
| 008 | 190410b xxu||||| |||| 00| 0 eng d | ||
| 020 | _a984-401-412-3 | ||
| 082 | _a891.444 / AZA | ||
| 100 |
_92275 _aআজাদ, হুমায়ুন |
||
| 245 |
_aআমার অবিশ্বাস / _cহুমায়ুন আজাদ |
||
| 250 | _a2nd ed. | ||
| 260 |
_aঢাকা : _bআগামী প্রকাশনী, _cc2012 |
||
| 300 |
_a148 p. : _c22 cm. |
||
| 650 | 0 |
_91689 _aবাংলা সাহিত্য |
|
| 856 |
_k0 _l0 _yDownload |
||
| 942 |
_2ddc _cBK |
||
| 999 |
_c5972 _d5972 |
||